000 00264nam a2200097Ia 4500
008 240331s9999 xx 000 0 und d
082 _bPEN
100 _aKuzhu,M. ed
245 0 _aPengal santhippu Malar 2004 :
_bcollection of women's writings and paintings
942 _cL
999 _c1515
_d1515